00695nam a2200193 i 4500001000700000003000900007005001700016007000300033008004100036080002200077100002800099245008500127260003900212300002100251490003000272500013300302830004400435852002200479115380ES-MaACL20250825062551.0t|070307s1928 sp ||||1| spa d a821.134.2.23-"19"1 aSuárez Ruiz, Antonio.10aDale un beso a papá b: comedia en tres actos y en prosa / cAntonio Suárez. aMadrid : bPrensa Moderna, c1928. a63 p. ; c17 cm.1 aEl Teatro moderno ; v125 aEstrenada en el Teatro Barcelona, de Barcelona, el 25 de mayo de 1927, y en el Infanta Isabel, de Madrid, el 4 de enero de 1928.03aEl teatro moderno (Prensa Moderna)v125 aES-MaACLjC-13031